00870nam a2200241 a 450000100100000000500170001000800410002704000250006808200180009310000430011124500610015426000640021530000270027949000360030650400740034265000290041665000440044570000360048970000340052583000430055904900090060299900170061100002273920200930021752.0101117s1987 cu r 000 f spa d aDO-SdBNPbspacBNPHU aE863.44bO77j1 aOrtíz, Adalberto,d1914-2003.92318910aJuyungo /cAdalberto Ortíz ; prólogo Salvador Bueno. aCiudad de La Habana, Cuba :bCasa de las Américas,c1987. a380, [20] p. ;c19 cm.1 aLiteratura latinoamericanav120 aIncluye referencias bibliográficas y notas al pie de las páginas. 4aNovela ecuatoriana95017 4aLiteratura ecuatorianaySIGLO XX9144201 aBueno, Salvadorepról.9455891 aCastillo, Reinaldoeed.93176 0aLiteratura latinoamericana ;v1209500 aBNGR c22236d22236